000
00277nam a2200133Ia 4500
100
_a
Jalnekar/R.M.
942
_c
BK
654
_a
electronics
245
_a
Industrial electronics
260
_b
Technical
_a
New Delhi
_c
1998
300
_a
367
546
_a
ENGLISH
999
_c
34455
_d
34455